[Event "2025 Spring TNM: 2000+"]
[Site "San Francisco"]
[Date "2025.03.25"]
[Round "4.4"]
[White "Gaffagan, Steven"]
[Black "Agrawal, Varun"]
[Result "1/2-1/2"]
[WhiteElo "1967"]
[BlackElo "1933"]
[PlyCount "187"]
[GameId "2159927754372117"]
[EventDate "2025.??.??"]

1. e4 {[%emt 0:00:03]} c6 {[%emt 0:00:45]} 2. d4 {[%emt 0:00:44]} d5 {[%emt 0:00:06]} 3. exd5 {[%emt 0:00:12]} cxd5 {[%emt 0:00:06]} 4. Bd3 {[%emt 0:00:09]} Nf6 {[%emt 0:00:11]} 5. h3 {[%emt 0:00:35]} Nc6 {[%emt 0:02:26]} 6. Nf3 {[%emt 0:00:39]} g6 {[%emt 0:00:10]} 7. c3 {[%emt 0:00:48]} Bf5 {[%emt 0:01:19]} 8. O-O {[%emt 0:02:33]} Bxd3 {[%emt 0:07:38]} 9. Qxd3 {[%emt 0:00:07]} Bg7 {[%emt 0:00:31]} 10. Re1 {[%emt 0:00:46]} O-O {[%emt 0:00:25]} 11. Bf4 {[%emt 0:02:03]} Ne4 {[%emt 0:14:56]} 12. Nbd2 {[%emt 0:03:01]} Nxd2 {[%emt 0:03:17]} 13. Qxd2 {[%emt 0:00:59]} b5 {[%emt 0:01:39]} 14. Bh6 {[%emt 0:04:21]} e6 {[%emt 0:08:06]} 15. h4 {[%emt 0:00:51]} Ne7 {[%emt 0:06:08]} 16. g4 {[%emt 0:09:09]} Nc8 {[%emt 0:01:18]} 17. Kg2 {[%emt 0:29:39]} Nd6 {[%emt 0:04:03]} 18. Bxg7 {[%emt 0:10:17]} Kxg7 {[%emt 0:00:11]} 19. h5 {[%emt 0:01:45]} Ne4 {[%emt 0:04:32]} 20. Qf4 {[%emt 0:03:17]} f6 {[%emt 0:10:12]} 21. h6+ {[%emt 0:02:26]} Kg8 {[%emt 0:00:42]} 22. Nd2 {[%emt 0:04:22]} Nxd2 {[%emt 0:06:47]} 23. Qxd2 {[%emt 0:00:08]} Qd7 {[%emt 0:03:18]} 24. f3 {[%emt 0:01:11]} a5 {[%emt 0:02:48]} 25. Re2 {[%emt 0:00:50]} Ra6 {[%emt 0:05:41]} 26. Rae1 {[%emt 0:00:20]} Re8 {[%emt 0:01:46]} 27. Qf4 {[%emt 0:00:23]} Qf7 {[%emt 0:02:03]} 28. a3 {[%emt 0:00:45]} Rb6 {[%emt 0:05:04]} 29. g5 {[%emt 0:01:11]} f5 {[%emt 0:02:40]} 30. Qe5 {[%emt 0:01:04]} Qe7 {[%emt 0:01:28]} 31. f4 {[%emt 0:01:10]} Qd7 {[%emt 0:00:36]} 32. Kg3 {[%emt 0:03:43]} Rf8 {[%emt 0:00:51]} 33. Qe3 {[%emt 0:01:09]} Re8 {[%emt 0:00:58]} 34. Qd3 {[%emt 0:02:17]} Kf7 {[%emt 0:00:46]} 35. Re3 {[%emt 0:03:14]} Qc7 {[%emt 0:01:16]} 36. Qd1 {[%emt 0:00:31]} Qd6 {[%emt 0:00:47]} 37. Qf3 {[%emt 0:00:43]} Qc6 {[%emt 0:00:32]} 38. Qe2 {[%emt 0:01:36]} Qd7 {[%emt 0:00:09]} 39. Rd3 {[%emt 0:00:48]} Qc7 {[%emt 0:00:29]} 40. Rd2 {[%emt 0:00:31]} Rc8 {[%emt 0:01:34]} 41. Ra1 {[%emt 0:02:05]} a4 {[%emt 0:01:03]} 42. Rb1 {[%emt 0:00:15]} Qd6 {[%emt 0:00:18]} 43. Rd3 {[%emt 0:00:26]} Rbc6 {[%emt 0:01:01]} 44. Qe3 {[%emt 0:00:42]} Qc7 {[%emt 0:00:20]} 45. Kh4 {[%emt 0:00:46]} Ke7 {[%emt 0:01:09]} 46. Qf3 {[%emt 0:01:31]} Kd7 {[%emt 0:00:25]} 47. Re3 {[%emt 0:00:20]} Qd6 {[%emt 0:00:25]} 48. Rbe1 {[%emt 0:00:25]} Re8 {[%emt 0:00:15]} 49. Kg3 {[%emt 0:00:06]} Qc7 {[%emt 0:01:33]} 50. Qe2 {[%emt 0:00:07]} Qb6 {[%emt 0:00:11]} 51. Re5 {[%emt 0:00:14]} Rd6 {[%emt 0:00:23]} 52. Kh4 {[%emt 0:01:17]} Rc8 {[%emt 0:00:27]} 53. Re3 {[%emt 0:00:31]} Rdc6 {[%emt 0:00:14]} 54. Rf3 {[%emt 0:00:18]} Qb8 {[%emt 0:00:08]} 55. Kg3 {[%emt 0:00:14]} Re8 {[%emt 0:00:42]} 56. Re3 {[%emt 0:00:20]} Qb6 {[%emt 0:00:30]} 57. Rd3 {[%emt 0:00:51]} Qc7 {[%emt 0:00:18]} 58. Rdd1 {[%emt 0:01:03]} Qb8 {[%emt 0:00:14]} 59. Rb1 {[%emt 0:00:06]} Rec8 {[%emt 0:00:16]} 60. Qd3 {[%emt 0:00:29]} Qb6 {[%emt 0:00:27]} 61. Rec1 {[%emt 0:00:54]} Qa5 {[%emt 0:00:31]} 62. Qe3 {[%emt 0:00:22]} Qc7 {[%emt 0:00:06]} 63. Qe2 {[%emt 0:00:20]} Rb8 {[%emt 0:00:34]} 64. Re1 {[%emt 0:00:50]} Rcb6 {[%emt 0:00:16]} 65. Qd3 {[%emt 0:00:33]} Rc6 {[%emt 0:00:17]} 66. Re3 {[%emt 0:00:16]} Qa5 {[%emt 0:00:42]} 67. Rbe1 {[%emt 0:00:17]} Rbc8 {[%emt 0:00:46]} 68. Qe2 {[%emt 0:00:14]} Qb6 {[%emt 0:01:34]} 69. Re5 Rd6 {[%emt 0:00:11]} 70. Re3 {[%emt 0:00:24]} Rdc6 {[%emt 0:04:09]} 71. Rf3 {[%emt 0:01:23]} Qb8 {[%emt 0:00:13]} 72. Qg2 {[%emt 0:01:07]} Qb6 {[%emt 0:01:16]} 73. Rfe3 {[%emt 0:00:30]} Rd6 {[%emt 0:01:55]} 74. R1e2 {[%emt 0:00:24]} Rdc6 {[%emt 0:01:21]} 75. Qf1 {[%emt 0:04:25]} Qb8 {[%emt 0:00:29]} 76. Kf3 {[%emt 0:00:09]} Qb6 {[%emt 0:00:16]} 77. Qe1 {[%emt 0:00:25]} Re8 {[%emt 0:00:41]} 78. Re5 {[%emt 0:00:11]} Rd6 {[%emt 0:00:07]} 79. R2e3 {[%emt 0:00:18]} Qc6 {[%emt 0:00:37]} 80. Kg3 {[%emt 0:00:57]} Rc8 {[%emt 0:00:51]} 81. Rd3 {[%emt 0:01:13]} Re8 {[%emt 0:00:12]} 82. Re2 {[%emt 0:00:34]} Qc7 {[%emt 0:00:14]} 83. Rd1 {[%emt 0:00:13]} Rc6 {[%emt 0:00:10]} 84. Qf1 {[%emt 0:00:21]} Rb8 {[%emt 0:00:09]} 85. Qg2 {[%emt 0:00:30]} Rd6 {[%emt 0:00:25]} 86. Rde1 {[%emt 0:00:17]} Re8 {[%emt 0:00:14]} 87. Qh2 {[%emt 0:00:24]} Rc6 {[%emt 0:00:22]} 88. Kh4 {[%emt 0:00:47]} Qb8 {[%emt 0:00:14]} 89. Qg3 {[%emt 0:00:07]} Qc7 {[%emt 0:00:17]} 90. Re5 {[%emt 0:00:05]} Rd6 {[%emt 0:00:18]} 91. Rb1 {[%emt 0:00:10]} Rc8 {[%emt 0:00:13]} 92. Qd3 {[%emt 0:00:23]} Qc6 {[%emt 0:00:15]} 93. Re3 {[%emt 0:00:51]} Qc4 {[%emt 0:01:08]} 94. Qd1 {[%emt 0:03:08]} 1/2-1/2

[Event "2025 Spring TNM: 2000+"]
[Site "San Francisco"]
[Date "2025.03.25"]
[Round "4.7"]
[White "Mercado, Adam"]
[Black "Viadiu-Ilarraza, Hector"]
[Result "0-1"]
[Annotator "Winslow,Elliott"]
[WhiteElo "1949"]
[BlackElo "1896"]
[PlyCount "104"]
[GameId "2159927754388502"]
[EventDate "2025.??.??"]

1. e4 e6 2. d4 d5 3. Nd2 Nf6 4. e5 Nfd7 5. c3 c5 6. Bd3 Nc6 7. Ngf3 Qb6 8. O-O cxd4 9. cxd4 Nxd4 10. Nxd4 Qxd4 11. Nf3 Qb6 12. Qa4 Qb4 13. Qc2 Nc5 14. Bd2 Qa4 15. b3 Qg4 ({Relevant:} 15... Qd7 16. Be2 Be7 17. Be3 b6 18. b4 Ne4 19. Nd4 a6 20. f3 Ng5 21. h4 h6 22. hxg5 hxg5 23. Nc6 Bb7 24. Nxe7 Qxe7 25. Qd2 f6 26. Bxb6 Kf7 27. Bc5 Qc7 28. f4 Rh4 29. Rac1 Rah8 30. Bd4 Qd8 31. exf6 gxf6 32. fxg5 f5 33. Bxh8 Qxh8 34. Rc7+ Kg6 35. Rxb7 Rh1+ 36. Kf2 Qh4+ 37. g3 Rh2+ 38. Ke1 Qxg3+ 39. Kd1 {1-0 Nihal,S (2687)-Akobian,V (2564) Titled Tuesday intern op 07th Jan Early Chess.com INT blitz 2025 (3)}) 16. h3 Qh5 $16 17. Bb5+ $6 (17. Rfc1 $16) (17. Rac1) (17. Bb4) (17. Be3) 17... Bd7 18. Bxd7+ Nxd7 19. Qc7 Rb8 20. Rac1 $6 $14 (20. Bg5) 20... Be7 $8 21. Rfe1 $6 {[#]} Bd8 $146 (21... a6 $6) ({Predecessor:} 21... g5 22. Nh2 Qg6 23. Ng4 h5 24. Nf6+ Bxf6 25. exf6 Qxf6 26. Bc3 d4 27. Bxd4 Qxd4 28. Red1 Qf6 29. Qxd7+ Kf8 30. Rc7 Kg7 31. Qb5 Rhd8 32. Rcd7 a6 33. Qe2 Rxd7 34. Rxd7 Rc8 35. Rxb7 Rc1+ 36. Kh2 Qf4+ 37. g3 Qf5 38. Rd7 Qc5 39. Qf3 Qf5 40. Qxf5 exf5 41. Rd5 Rc2 42. Ra5 Rxf2+ 43. Kg1 Rb2 44. Rxa6 f6 45. Ra4 Kg6 46. h4 Kf7 47. b4 Ke6 48. Ra6+ Ke5 49. Ra5+ Ke4 50. b5 f4 51. hxg5 {½-½ Davis,B-Wallach,K Midwest Masters op Chicago 1987 (5)}) 22. Qc2 $6 O-O $11 23. Bb4 Re8 24. Bd6 Ra8 25. Qd3 a6 26. Rc2 (26. Qd2 h6 27. Qb4) 26... Qg6 27. Qe2 (27. Qxg6) 27... Bb6 $15 28. Rec1 f6 29. Bc7 Ba7 30. Ba5 (30. Bd6 $14) 30... Bb8 31. exf6 gxf6 $11 (31... Nxf6 $1 $15) 32. Rc8 $2 {[#]} (32. Bc7 Ba7 33. Ba5 Bb8) 32... Ne5 $2 (32... Bh2+ $1 $17) 33. Nh4 Qf7 34. Rxe8+ Qxe8 35. f4 $2 (35. Bc3 $11) 35... Ba7+ $2 (35... Ng6 $1 $17) 36. Kh1 Nc6 37. Qg4+ $6 (37. Bc3 Qe7 38. Bb2 $44) 37... Kh8 $17 38. f5 $2 e5 $19 (38... Nxa5 $4 39. Rc7 Qg8 40. Ng6+) (38... Qg8 $1) 39. Rc3 Qg8 40. Qh5 Qg5 41. Ng6+ Kg7 42. Qd1 hxg6 43. Qxd5 Qxf5 44. Qd1 Bd4 45. Rf3 Qe4 46. Be1 Rd8 47. Qc1 f5 48. Bg3 f4 49. Bh4 Rh8 50. Bg5 Qf5 51. Bxf4 exf4 52. Rxf4 Rxh3+ 0-1

[Event "2025 Spring TNM: 2000+"]
[Site "San Francisco"]
[Date "2025.03.25"]
[Round "4.8"]
[White "Senthilkumar, Pranav"]
[Black "Cheng, Kar Lun"]
[Result "1-0"]
[WhiteElo "2201"]
[BlackElo "1867"]
[PlyCount "70"]
[GameId "2159927754388503"]
[EventDate "2025.??.??"]

1. Nf3 Nf6 2. g3 g6 3. Bg2 Bg7 4. c4 O-O 5. O-O c6 6. d4 d5 7. cxd5 cxd5 8. Ne5 Nc6 9. Nxc6 bxc6 10. Nc3 Rb8 11. b3 Bf5 12. Bf4 Rc8 13. Rc1 Nh5 14. Be3 Re8 15. Na4 e5 16. dxe5 Bxe5 17. Bxa7 Qd7 18. Bd4 Rb8 19. e3 Bh3 20. Bxe5 Rxe5 21. Qc2 Bxg2 22. Kxg2 Rbe8 23. Qxc6 Qg4 24. Qc3 Ng7 25. Qd4 Qh5 26. Qh4 Qe2 27. Nc3 Qb2 28. Qg4 Nf5 29. Qe2 Qa3 30. Qd2 Qa8 31. Kg1 Rd8 32. Nb5 h5 33. Nd4 Nh6 34. Nc6 Rg5 35. e4 f6 1-0

[Event "2025 Spring TNM: 2000+"]
[Site "San Francisco"]
[Date "2025.03.25"]
[Round "4.9"]
[White "Horowitz, Phineas F"]
[Black "Clemens, Kristian"]
[Result "1/2-1/2"]
[WhiteElo "1883"]
[BlackElo "1954"]
[PlyCount "154"]
[GameId "2159927754388504"]
[EventDate "2025.??.??"]

1. c4 e6 2. Nc3 d5 3. d4 Be7 4. g3 Nf6 5. Bg2 c6 6. Nf3 Nbd7 7. O-O O-O 8. b3 Re8 9. Bb2 Bd6 10. Qc2 dxc4 11. bxc4 e5 12. e3 exd4 13. exd4 Nf8 14. Rfe1 Be6 15. Nd2 Qd7 16. Nce4 Nxe4 17. Nxe4 Bb4 18. Bc3 Be7 19. Qe2 Qc7 20. Rad1 Rad8 21. h4 Qc8 22. h5 h6 23. Bf3 Nh7 24. Qf1 Bh3 25. Qd3 Bf5 26. Qf1 Nf6 27. Nxf6+ Bxf6 28. Rxe8+ Rxe8 29. Ba1 Bc2 30. Re1 Rxe1 31. Qxe1 Qf5 32. Qe3 Bg5 33. Qe8+ Kh7 34. Bg2 Qe6 35. Qxe6 fxe6 36. d5 exd5 37. cxd5 cxd5 38. Bxd5 b6 39. Bd4 Bf6 40. Bxf6 gxf6 41. f3 Kg7 42. Kf2 Kf8 43. Ke3 Ke7 44. Bc6 Bb1 45. a4 Kd6 46. Bb5 Bc2 47. Kd2 Bb3 48. f4 Kd5 49. Kd3 Bd1 50. Be8 Bg4 51. Bf7+ Kc5 52. Kc3 Bf3 53. Kb3 Bd1+ 54. Ka3 a6 55. Be8 Kc4 56. Bf7+ Kc3 57. Be8 Be2 58. Ka2 Kb4 59. Kb2 Bg4 60. Kc2 b5 61. axb5 axb5 62. Kb2 Kc5 63. Kc3 b4+ 64. Kd3 Bc8 65. Kc2 Bg4 66. Kd3 Bf5+ 67. Kd2 Kd4 68. Bf7 Be4 69. g4 Bh7 70. Bg6 Bg8 71. g5 fxg5 72. fxg5 hxg5 73. h6 g4 74. h7 Bxh7 75. Bxh7 g3 76. Ke2 g2 77. Kf2 Kc3 1/2-1/2

[Event "2025 Spring TNM: 2000+"]
[Site "San Francisco"]
[Date "2025.03.25"]
[Round "4.10"]
[White "Seshadri, Sudarshan"]
[Black "Winslow, Elliott"]
[Result "1-0"]
[Annotator "Winslow,Elliott"]
[WhiteElo "2018"]
[BlackElo "2222"]
[PlyCount "95"]
[GameId "2159927754392601"]
[EventDate "2025.??.??"]

1. d4 Nf6 2. Nc3 g6 3. Bf4 d6 4. e4 c6 5. Qd2 b5 (5... Qa5 6. Nf3) 6. a3 (6. e5) (6. Bd3) 6... Nbd7 7. Nf3 Bg7 {[#]} 8. Be2 $146 (8. Bh6 Bxh6 9. Qxh6 e5 10. O-O-O Qe7 11. dxe5 dxe5 12. Bxb5 cxb5 13. Nxb5 Qc5 14. Nd6+ Ke7 15. Ng5 Rf8 16. f4 Rb8 17. Qh4 Qe3+ 18. Kb1 Qxf4 19. Qh6 Ng4 20. Nf5+ Qxf5 21. Qxf8+ Nxf8 22. exf5 Nf2 23. fxg6 hxg6 {0-1 Shevchenko,K (2677)-Carlsen,M (2830) Warsaw Superbet Blitz 2024 (10)}) 8... O-O (8... a5 9. h3 h5 10. O-O Bb7 {0-1 Mehta,S (1689)-Gupta,P Gilbert Cup U18 Girls Hull 2024 (4.2)}) 9. O-O Nh5 $2 (9... Bb7 $11) (9... a6 $14) (9... Nb6 $16) (9... Qc7 $14) (9... Re8 $16) (9... e5 $1 {(I saw this but somehow miscalculated)} 10. dxe5 dxe5 11. Nxe5 Nxe4 $1 12. Nxe4 Nxe5 $11) 10. Bg5 $14 (10. Bh6 $16 a6 11. Bxg7 Kxg7 12. Rfe1 c5 13. dxc5 Nxc5 14. Qd4+ f6 15. b4 Nd7 16. Nd5 e6 17. Ne3 Ne5 18. Nxe5 dxe5 19. Qxd8 Rxd8 20. c4 Nf4 21. Bf1 bxc4 22. Nxc4 Bb7 23. f3 Bc6 24. Red1 Bb5 25. Nb6 Rab8 26. Bxb5 axb5 27. Rd7+ Rxd7 28. Nxd7 Rd8 29. Nc5 Ne2+ 30. Kf2 Nd4 31. Rc1 Ra8 32. Rc3 Kf7 33. Ke3 Ra7 34. Kf2 f5 35. Ke3 Rc7 36. Kd2 Ke7 37. Kd3 Kd6 38. Ke3 g5 39. g3 h6 {½-½ Mertens,P (1281)-Koenig,B (1481) Greifswald Klar op 1st 2003 (4)}) 10... Qe8 (10... Nb6 11. Rad1 Be6 12. Bh6 Bc4 13. Bxg7 Kxg7 14. e5 Bxe2 15. Nxe2 Nc4 16. Qc3 Kg8 17. Nd2 Nxd2 18. Rxd2 Qc7 19. exd6 Qxd6 20. Qe3 Rad8 21. Rfd1 Nf6 22. Qe5 a5 23. c3 Rd7 24. Nc1 Qxe5 25. dxe5 Rfd8 26. Rxd7 Rxd7 27. Rxd7 Nxd7 28. Nd3 c5 29. f4 c4 30. Nf2 Nc5 31. g3 Na4 32. Nd1 f6 33. exf6 exf6 34. Kf2 Kf7 35. Ke3 Ke6 36. Kd4 Kd6 37. g4 Nc5 38. h4 Nd3 39. Ke4 Ke6 40. h5 f5+ 41. Kf3 fxg4+ 42. Kxg4 gxh5+ 43. Kxh5 Kf5 44. Kh6 Kxf4 45. Kxh7 {0-1 Keijzer,L-Auwens,M Utrecht OKU op-B 2001 (1)}) 11. e5 f6 12. Bh6 (12. exf6 $142 Nhxf6 $1 13. d5 $16 (13. Bd3) 13... cxd5 14. Nxd5 Rb8) 12... fxe5 13. dxe5 dxe5 $6 (13... Nxe5 14. Nxe5 dxe5 15. Bxg7 Nxg7 $16) 14. Bxg7 (14. a4 b4 15. Bc4+ Kh8 16. Ne4 $18 Rxf3 17. gxf3 Qf8 18. Bxg7+ Kxg7 19. Rfe1 Nf4 20. a5 $18 {(but surely Black has some sort of practical chances? No? Oh well.}) 14... Nxg7 $6 {[#]} (14... Kxg7 15. Rfe1 Nf4 16. Bf1 $18 {although again, is this so absolutely awful? (1.83/26)}) 15. Bxb5 $18 {This shot, which I was totally unexpected by me, wasn't even enough to wake me up from my drug haze (gallstone attack around noon; I know from experience the choice is crawling-on-the-floor pain or opiods). Anyway: Sudarshan did an excellent job of keeping things from getting out of hand around his king, and I probably could have resigned sooner.} (15. Nxb5 $18) 15... Rxf3 $5 (15... Nb6 16. Be2 {the e-pawn goes and I can't vouch for the rest of my pawns, either.}) 16. gxf3 (16. Bxc6 $1 Rxc3 17. bxc3 $1 (17. Qxc3 Rb8 18. Rad1 Nh5 19. Rfe1 {is quite won as well}) 17... Rb8 18. Rad1 Nf5 19. Bxd7 Bxd7 20. Qxd7 Qxd7 21. Rxd7 $18) 16... Nb6 17. Be2 Bh3 18. Rfe1 Nf5 19. Rad1 Qf7 {I thought this had to be compensation for the Exchange, but...} 20. f4 $1 Nh4 $6 ({I had intended} 20... Nd4 21. fxe5 $1 Nf3+ (21... c5 $5 22. Ne4 Rf8 23. Qe3 $18 {but White can give the Exchange back with 24.Rxd4 with two pawns more.}) 22. Bxf3 Qxf3 {, but overlooked} 23. Qg5 $1 {, not that there was anything I could have done about it.}) 21. Qe3 $1 {This pushes me over.} (21. fxe5 $6 Ng2 $1 22. Qh6 $1 Rf8 23. Ne4 $1 Nxe1 24. Qxh3 Qf4 $1 25. Qe6+ $16 {is "only" +1.61 on Stockfish, meaning I could maybe put up a fight still (probably not).}) 21... Be6 22. Qxe5 {I was clutching at the thought that material be damned, his king is weak -- but it's just too much.} Nc4 23. Qg5 Nf5 24. Bd3 Ncd6 25. Ne4 h6 $6 26. Nxd6 exd6 27. Bxf5 Bxf5 28. Qe7 d5 29. Qxf7+ Kxf7 {[#]} 30. c3 Kf6 31. Kg2 Rb8 32. b4 Rg8 33. f3 g5 34. fxg5+ hxg5 35. Re3 Rh8 36. c4 Be6 37. cxd5 Bxd5 38. b5 Kf5 39. Rc3 g4 40. bxc6 gxf3+ $6 (40... Bxf3+ $5 41. Rxf3+ $8 gxf3+ 42. Kg1 $1 $18 {is far and away the best move (which might have made this worth a try).} (42. Kg3 Ke4 {is interesting, Stockfish 17 makes it +0.86/34 and just slipped to  & +0.68/37. A dream of a draw!})) 41. Kf1 Ke4 42. Rxd5 $1 Kxd5 43. c7 Rc8 44. Kf2 Kd6 45. Kxf3 Kd7 46. h4 Rf8+ 47. Kg4 Kc8 48. h5 1-0

[Event "2025 Spring TNM: 2000+"]
[Site "San Francisco"]
[Date "2025.03.25"]
[Round "4.11"]
[White "Srinivasan, Sivavishnu"]
[Black "Paragiri, Reyansh"]
[Result "1/2-1/2"]
[Annotator "Winslow,Elliott"]
[WhiteElo "2066"]
[BlackElo "1978"]
[PlyCount "66"]
[GameId "2159927754392602"]
[EventDate "2025.??.??"]

1. e4 c5 2. Nf3 Nc6 3. d4 cxd4 4. Nxd4 g6 5. c4 Nf6 6. Nc3 Nxd4 7. Qxd4 d6 8. Be3 Bg7 9. f3 O-O 10. Qd2 Be6 11. Be2 a5 12. b3 (12. Na4 Nd7 13. Rc1 Nc5 14. Nc3 a4 15. O-O Qa5 16. Rc2 Rfc8 17. Rb1 f5 18. Bd4 Qb6 19. Nd5 Bxd5 20. exd5 Bxd4+ 21. Qxd4 Nd7 22. Qxb6 Nxb6 23. Bd3 Kf7 24. Kf2 Nd7 25. Ke3 e5 26. dxe6+ Kxe6 27. Kd4 Ra5 28. f4 Nb8 29. Re1+ Kf7 30. Kc3 Nc6 31. b4 axb3 32. axb3 d5 33. cxd5 Ne5+ 34. Bc4 Nxc4 35. bxc4 Rxd5 36. Kb4 Rdc5 37. Re5 Rxe5 38. fxe5 Ke6 39. Kb5 Rc6 40. Rd2 Rc7 41. c5 Kxe5 {½-½ Svane,R (2631)-Jones,G (2618) Speed Chess Q1 Sw Chess.com INT blitz 2023 (6)}) 12... Nd7 {[#]} 13. Bd4 $146 (13. Rc1 Nc5 14. O-O Qb6 15. Rb1 Rfc8 16. Rfc1 Qb4 17. Nb5 Qxd2 18. Bxd2 f5 19. Bc3 Bh6 20. Re1 fxe4 21. fxe4 Be3+ 22. Kh1 Bf2 23. Rf1 Nxe4 24. Bf3 Nxc3 25. Nxc3 Bd4 26. Nb5 Be5 27. Bxb7 Rab8 28. Bxc8 Rxc8 29. Rbe1 Kg7 30. h3 Bf5 31. Rxe5 dxe5 32. Re1 Kf6 33. Nc3 Rd8 34. Nd5+ Ke6 35. g4 Bd3 36. Nf4+ Kf6 37. Nd5+ Ke6 38. Nf4+ Kf6 39. Nd5+ Ke6 40. Nf4+ {½-½ Fernandez Siles,L (2279)-Wong,Y (2266) Titled Tuesday intern op 1st May Chess.com INT blitz 2018 (9)}) 13... Nc5 14. O-O Qb6 15. Be3 Qb4 {[#]} 16. Bd4 Bxd4+ 17. Qxd4 a4 18. bxa4 Nxa4 19. Nxa4 Qxa4 20. Rfb1 Rfc8 21. Rxb7 Bxc4 {[#]} 22. Rc1 $4 {[#]} (22. Bxc4 Rxc4 23. Qe3 $15) 22... Qa6 $1 $19 23. Bxc4 Qxb7 24. h3 {[#]} Qa7 $4 25. Qxa7 Rxa7 26. Bxf7+ $11 Kxf7 27. Rxc8 Rxa2 28. g3 h5 29. h4 Kf6 30. Rc4 Ke6 31. Kf1 Rd2 32. Rc6 Ke5 33. Ra6 Rc2 1/2-1/2

[Event "2025 Spring TNM: 2000+"]
[Site "San Francisco"]
[Date "2025.03.25"]
[Round "4.12"]
[White "Zavgorodniy, Andrew"]
[Black "Walder, Michael"]
[Result "0-1"]
[Annotator "Tactical Analysis 7.0"]
[WhiteElo "1969"]
[BlackElo "1935"]
[PlyCount "104"]
[GameId "2159927754396699"]
[EventDate "2025.??.??"]

1. c4 Nf6 2. g3 g6 3. Bg2 Bg7 4. Nc3 O-O 5. d4 d6 6. h3 Nc6 7. Nf3 Rb8 8. e4 {[#]} e5 $146 ({Predecessor:} 8... a6 9. a4 e5 10. Be3 exd4 11. Nxd4 Nxd4 12. Bxd4 c5 13. Be3 Be6 14. b3 Ng4 15. Bd2 Nxf2 16. Kxf2 {1-0 Kortschnoj,V-Janosevic,D Match/Nation YUG-URS 22,0-38,0 Vrnjacka Banja 1965 (2)}) 9. d5 Ne7 {[%eval 61,26]} ({Black should try} 9... Nd4 $1 $11 {[%eval -19,33]}) 10. Be3 a6 11. Qd2 {[%eval 0,42]} (11. c5 $14 {[%eval 57,30]}) 11... b5 $11 12. cxb5 axb5 13. b4 Bd7 14. O-O Ra8 {[%eval 51,31]} (14... c6 $11 {[%eval -10,32]}) 15. Rac1 Qc8 16. Kh2 Qa6 17. Ne1 {[%eval 23,32]} (17. Rc2 $16 {[%eval 74,25]}) 17... Rfc8 {[%eval 154,32]} (17... Nc8 $11 {[%eval 23,32]}) 18. Bh6 $2 {[%eval 1,43]} ({Better is} 18. f4 $1 $16 {[%eval 154,32]}) 18... c6 19. Bxg7 Kxg7 20. dxc6 Rxc6 {[%eval 103,30]} (20... Be6 $11 {[%eval 13,35] keeps the balance.}) 21. f4 Be6 22. Nd3 {[%eval 43,30]} (22. Nf3 $16 {[%eval 85,29]}) 22... Bc4 $1 $14 23. Rf2 {[%eval -75,35]} (23. Rf3 $1 $14 {[%eval 57,33]}) 23... Bxd3 $17 24. Qxd3 Rac8 {[%eval 0,41]} (24... Qa3 $1 $17 {[%eval -99,33]} 25. fxe5 dxe5 (25... Qxc1 $2 26. exf6+ Kh8 27. Rc2 $18) (25... Ng4+ 26. hxg4 Qxc1 27. Qf3 $11)) 25. a4 $1 $11 Qb6 26. Rfc2 {[%eval -174,29]} (26. Rf3 $11 {[%eval 0,41]} Rc4 27. axb5) 26... Qd4 $19 27. Qf3 {[#]} Nxe4 $4 {[%eval 486,32]} 28. Qxe4 $2 {[%eval 0,55]} (28. Nxb5 $18 {[%eval 486,32]} Qxb4 29. Qxe4 Qxe4 30. Bxe4 Rxc2+ 31. Rxc2 (31. Bxc2 Nf5 $18) 31... Rxc2+ 32. Bxc2) 28... Rxc3 $11 29. Rxc3 (29. axb5 Rxc2 30. Rxc2 Rxc2 31. Qxc2 exf4 $17 (31... Qxb4 32. fxe5 Nf5 33. e6 $11)) 29... Rxc3 30. Rxc3 Qxc3 31. axb5 $19 {Endgame KQB-KQN} Nf5 32. b6 Nxg3 33. Qc6 Qxb4 34. fxe5 dxe5 35. b7 Nf5 36. Qe4 Qb2 37. Qd3 $2 {[%eval -401,48]} (37. h4 $11 {[%eval -3,41] and White stays safe.}) 37... Qb4 $2 {[%eval 0,61]} (37... Nh4 $1 $19 {[%eval -401,48]} 38. Qe4 Nxg2 39. Qxg2 Qb5) 38. Qe2 f6 39. Qe4 Qb2 40. Qc4 {Qc7+ would now be deadly.} Ne3 $1 41. Qc7+ $2 {[%eval -386,47]} (41. Qc6 $1 $11 {[%eval 0,53]}) 41... Kh6 42. Qc6 f5 $1 43. Qf3 Nxg2 (43... f4 44. Qc6 $17) 44. Qxg2 {[#] KQ-KQ. Black is two pawns up.} Qb4 {[%eval 0,78]} (44... Qb5 $1 $19 {[%eval -256,43] ...Kg7 would now be deadly.} 45. Qd2+ Kg7) 45. h4 $2 {-9.40/20 [#]} e4 $1 (45... Qxh4+ 46. Qh3 Qxh3+ 47. Kxh3 Kg5 48. b8=Q (48. b8=B $2 {perishes.} Kf6 $19) 48... Kf4 49. Qc7 g5 50. Qc1+ (50. Qxh7 e4 51. Qc7+ Ke3 52. Qe5 Kf3 53. Qxf5+ Ke3 54. Qxg5+ Kd4) 50... Kf3 51. Qxg5) 46. Qg5+ Kg7 47. h5 Qxb7 48. h6+ Kf7 49. Qd8 Qb2+ 50. Kg3 Qc3+ 51. Kf4 Qf3+ 52. Ke5 Qg3+ {Weighted Error Value: White=1.02/Black=0.62} 0-1

[Event "2025 Spring TNM: 1600-1999"]
[Site "San Francisco"]
[Date "2025.03.25"]
[Round "4.5"]
[White "Huang, Immanuel"]
[Black "Cawthon, Jeremy David"]
[Result "0-1"]
[WhiteElo "1554"]
[BlackElo "1970"]
[PlyCount "78"]
[GameId "2159927754404893"]
[EventDate "2025.??.??"]

1. e4 {[%emt 0:00:03]} c6 {[%emt 0:00:02]} 2. d4 {[%emt 0:00:14]} d5 {[%emt 0:00:02]} 3. e5 {[%emt 0:00:12]} c5 {[%emt 0:00:02]} 4. dxc5 {[%emt 0:00:24]} e6 {[%emt 0:00:02]} 5. Nf3 {[%emt 0:01:10]} Bxc5 {[%emt 0:00:02]} 6. Bd3 {[%emt 0:00:44]} Ne7 {[%emt 0:00:02]} 7. O-O {[%emt 0:00:32]} Nbc6 {[%emt 0:00:07]} 8. Nbd2 {[%emt 0:01:11]} Ng6 {[%emt 0:00:02]} 9. Nb3 {[%emt 0:02:32]} Bb6 {[%emt 0:00:02]} 10. Re1 {[%emt 0:03:28]} O-O {[%emt 0:01:15]} 11. Be3 {[%emt 0:20:15]} Bc7 {[%emt 0:00:03]} 12. Bd4 {[%emt 0:00:06]} Nf4 {[%emt 0:00:04]} 13. c3 {[%emt 0:07:34]} Nxd3 {[%emt 0:01:42]} 14. Qxd3 {[%emt 0:00:07]} f6 {[%emt 0:04:10]} 15. Re3 {[%emt 0:08:22]} fxe5 {[%emt 0:00:26]} 16. Nxe5 {[%emt 0:06:35]} Nxe5 {[%emt 0:00:09]} 17. Bxe5 {[%emt 0:00:10]} Bxe5 {[%emt 0:00:10]} 18. Rxe5 {[%emt 0:00:26]} Rxf2 {[%emt 0:01:41]} 19. Qg3 {[%emt 0:04:19]} Rf6 {[%emt 0:02:25]} 20. Rae1 {[%emt 0:05:41]} Qb6+ {[%emt 0:03:09]} 21. Nd4 {[%emt 0:08:49]} Qxb2 {[%emt 0:00:48]} 22. Nxe6 {[%emt 0:00:44]} Bxe6 {[%emt 0:00:14]} 23. Rxe6 {[%emt 0:00:10]} Rxe6 {[%emt 0:00:15]} 24. Rxe6 {[%emt 0:00:09]} Rf8 {[%emt 0:01:40]} 25. Qe1 {[%emt 0:04:19]} Qxa2 {[%emt 0:01:37]} 26. Re8 {[%emt 0:03:33]} Qa6 {[%emt 0:00:58]} 27. h3 {[%emt 0:04:35]} h6 {[%emt 0:01:19]} 28. Re7 {[%emt 0:02:13]} Qc6 {[%emt 0:03:44]} 29. Qe5 {[%emt 0:01:56]} Rf6 {[%emt 0:02:23]} 30. Qb8+ {[%emt 0:09:54]} Kh7 {[%emt 0:00:30]} 31. Rxb7 {[%emt 0:00:48]} Qxc3 {[%emt 0:02:12]} 32. Qxa7 {[%emt 0:00:26]} Qe1+ {[%emt 0:01:07]} 33. Kh2 {[%emt 0:00:04]} Rg6 {[%emt 0:00:55]} 34. Qa2 {[%emt 0:03:06]} Qg3+ {[%emt 0:01:29]} 35. Kh1 {[%emt 0:00:01]} d4 {[%emt 0:01:09]} 36. Qd2 {[%emt 0:01:56]} Re6 {[%emt 0:03:18]} 37. Rb1 {[%emt 0:01:20]} d3 {[%emt 0:00:14]} 38. Rd1 {[%emt 0:00:27]} Kh8 {[%emt 0:00:49]} 39. Kg1 {[%emt 0:00:40]} Re2 {[%emt 0:00:34]} 0-1